Hazánk ENSZ-képviselője Csongrád megyében
Elmentve itt :
| Dokumentumtípus: | Cikk |
|---|---|
| Megjelent: |
1967-08-26
|
| Sorozat: | Délmagyarország
57 No. 201 |
| Kulcsszavak: | Csatorday Károly, Siklós János, Politikusi látogatás Szeged 1967, hazai politikusok látogatásai |
| Online Access: | http://dmarchiv.bibl.u-szeged.hu/61587 |
| LEADER | 00504nab a2200145 i 4500 | ||
|---|---|---|---|
| 001 | delm61587 | ||
| 005 | 20180927144528.0 | ||
| 008 | 180927s1967 hu o 0|| hun d | ||
| 040 | |a SZTE Délmagyarország Archívum |b hun | ||
| 041 | |a hun | ||
| 245 | 0 | 0 | |a Hazánk ENSZ-képviselője Csongrád megyében |h [elektronikus dokumentum] |
| 260 | |c 1967-08-26 | ||
| 300 | |a 1 | ||
| 490 | 0 | |a Délmagyarország |v 57 No. 201 | |
| 695 | |a Csatorday Károly, Siklós János, Politikusi látogatás Szeged 1967, hazai politikusok látogatásai | ||